000 00506nam a22001697a 4500
005 20231115135117.0
008 231115b |||||||| |||| 00| 0 eng d
020 _a0702156167
041 _aEnglish
082 _a344.1 ESS
100 _aStrydom, EML et al.
_lEnglish
245 _aEssential Social Security Law /
_cEML Strydom
260 _aCape Town :
_bJuta Law,
_c2001
300 _bxvii, 283 pages ;
_c25,5 cm.
650 _aLegal practice
_bLaw
942 _cBK
_6ALISON_BN_VRIES
999 _c687
_d687